000 00555nam a2200169 4500
001 108611
003 ES-MaACL
005 20230906184655.0
007 t|
008 061121s1974 sp r ||||1| spa d
245 0 0 _aMonopolio y competencia
_b: textos escogidos /
_cintroducción y selección por Alex Hunter; traducción de Teresa Uriburu de Lavalle.
260 _aMadrid :
_bTecnos,
_c1974.
300 _a383 p. ;
_c24 cm.
700 1 _aHunter, Alex.
_964745
700 1 _aUriburu de Lavalle, Teresa.
_9112172
852 _aES-MaACL
_jC-56486
_bR.89336
999 _c108611
_d108611